Les portraits grecs /

Saved in:

Corporate Author: Ny Carlsberg glyptotek.

Other Authors: Poulsen, Vagn, 1909-1970

Format: Book

Language: French
Danish

Published: Copenhague : [En commission chez E. Munksgaard], 1954.

Series: Ny Carlsberg glyptotek. Publications ; 5.
NCGP ; 5.

Subjects:

Tags: Add Tag

No Tags, Be the first to tag this record!

Call Number: DT59 .C75 v.5

LEADER 00990namaa2200313 4500
001 5075
003 OSt
005 20260517064712.0
008 130303s1954 dk f bc 000 0 fre d
010 |a 55004048 
035 |a ocm01069185 
040 |c ARCE Library 
041 1 |a fre  |h dan 
050 4 |a DT59 .C75 v.5 
110 2 |a Ny Carlsberg glyptotek. 
245 1 4 |a Les portraits grecs /  |c par Vagn Poulsen ; [Traduction du manuscrit danois par France Gleizal]. 
264 1 |a Copenhague :  |b [En commission chez E. Munksgaard],  |c 1954. 
300 |a 86 pages :  |b 45 plates ;  |c 24 cm. 
490 1 |a Ny Carlsberg glyptotek. Publications ;   |v 5. 
490 1 |a NCGP ;   |v 5. 
500 |a Catalogue : pages [25]-[87] 
504 |a Includes bibliographical references. 
650 0 |a Portraits, Greek  |v Exhibitions. 
700 1 |a Poulsen, Vagn,  |d 1909-1970, 
830 0 |a Ny Carlsberg glyptotek. Publications ;   |v 5. 
830 0 |a NCGP ;   |v 5. 
901 |a reviewed 
942 |c BK  |2 lcc 
999 |c 5464  |d 5464